| 000 | 00475nmm a2200157Ia 4500 | ||
|---|---|---|---|
| 008 | 251105s9999||||xx |||||||||||||||||und|| | ||
| 020 | _a9789586487191 | ||
| 041 | _aspa | ||
| 100 | _aGómez Vieites, Álvaro | ||
| 245 | 0 | _aInnovación: factor clave del éxito empresarial | |
| 264 |
_a[Bogotá, Colombia] : _bEcoe Ediciones, _c2011 |
||
| 300 | _a332 páginas | ||
| 650 | _aEconomics and Business | ||
| 856 | _uhttps://public.digitaliapublishing.com/a/70526 | ||
| 942 | _cCF | ||
| 999 |
_c95341 _d95341 |
||